| 000 | 00675nam a2200241Ia 4500 | ||
|---|---|---|---|
| 005 | 20260430150311.0 | ||
| 008 | 008 250103s9999 xx 000 0 eng d | ||
| 037 | _aTheses | ||
| 040 | _aCRL | ||
| 040 | _beng | ||
| 040 | _ceng | ||
| 041 | _2eng | ||
| 041 | _aeng | ||
| 084 | _qCRL | ||
| 100 |
_aKaur Ramanpreet Au.; Sanjay Kumar Gu. _91237086 |
||
| 245 | 0 | _aOn Certain Aspects of Fatou Components and Escaping Set of a Transcendental Entire Function | |
| 260 | _c2023 | ||
| 300 | _a91 | ||
| 650 | _aMathematics | ||
| 700 |
_aUniversity of Delhi. Faculty of Mathematical Sciences. Deptt. of Mathematics _91237071 |
||
| 942 | _cTH | ||
| 999 |
_c1849454 _d1849454 |
||